Local democracy and participation in post-authoritarian Chile /

Збережено в:
Бібліографічні деталі
Автор: Herwing, Cleuren
Формат: Текст
Предмети:
Теги: Додати тег
Немає тегів, Будьте першим, хто поставить тег для цього запису!

MARC

LEADER 00000 a a2200000 04500
001 16295
003
040
100 |a Herwing, Cleuren  
245 |a Local democracy and participation in post-authoritarian Chile /  |c Cleuren Herwing 
650 |a DEMOCRACIA  
650 |a PARTICIPACION POLITICA  
650 |a AUTORITARISMO  
650 |a POLITICA  
650 |a CULTURA  
650 |a GOBIERNO LOCAL  
650 |a CHILE  
773 |g número 83; páginas 3-18  
999 |c 36401  |d 36401